| 000 | 00504nam a2200157 4500 | ||
|---|---|---|---|
| 005 | 20231225112005.0 | ||
| 008 | 231225b |||||||| |||| 00| 0 eng d | ||
| 020 | _a9555776237 | ||
| 082 |
_a305.42 _bSRI |
||
| 110 | _aSri Lanka, Department of census & statistics | ||
| 245 |
_aThe Sri Lankan woman: _bpartner in progress 2007 |
||
| 260 |
_aColombo: _bDepartment of census & statistics _c2007 |
||
| 300 | _a170 p. : color ill.; 22 cm | ||
| 650 | _aWomen in development- Sri Lanka- Statistics | ||
| 942 | _cRP | ||
| 999 |
_c4557 _d4557 |
||